| 000 | 01138cam a2200325 i 4500 | ||
|---|---|---|---|
| 001 | 015262507 | ||
| 003 | EG-ScBUE | ||
| 005 | 20240421103107.0 | ||
| 008 | 080721s2009 ua f b f001 0 eng d | ||
| 020 | _a9789774162732 | ||
| 040 |
_aStDuBDS _beng _erda _cStDuBDS _dUk _dEG-ScBUE |
||
| 082 | 0 | 4 |
_222 _a956.053 _bSAD |
| 100 | 1 |
_aSādāt, Jīhān, _d1933- _eauthor. |
|
| 245 | 1 | 0 |
_aMy hope for peace / _cJehan Sadat. |
| 264 | 1 |
_aCairo : _bAmerican University in Cairo Press, _c2009. |
|
| 300 |
_a208 pages ; _c22 cm |
||
| 336 |
_2rdacontent _atext _btxt |
||
| 337 |
_aunmediated _2rdamedia _bn |
||
| 338 |
_avolume _bnc _2rdacarrier |
||
| 504 | _aIncludes bibliographical references and index. | ||
| 600 | 1 | 7 |
_aSadat, Anwar, _d1918-1981 _xAssassination. _2BUEsh |
| 650 | 7 |
_aArab-Israeli conflict _y1993- _xPeace. _2BUEsh _929308 |
|
| 650 | 7 |
_aSeptember 11 Terrorist Attacks, 2001 _xInfluence. _2BUEsh |
|
| 650 | 7 |
_aIslam and politics _zArab countries. _2BUEsh _941473 |
|
| 651 | _2BUEsh | ||
| 653 |
_bGGEN _bBUSBOL _cApril2018 |
||
| 655 | _vReading book | ||
| 942 |
_2ddc _cBB |
||
| 999 |
_c26516 _d26488 |
||